Language Quiz

Random Language or Letter Quiz
Score 0/25 Timer 09:00
2 Plays Today
% Correct
gelato
95.3%
geisha
94.5%
geyser
94.3%
gluttony
94.2%
gestation
93.9%
gazebo
93.4%
grimace
93.4%
garland
92.1%
guerrilla
92.1%
garter
91.5%
gumbo
89%
grandiose
88.8%
gargantuan
88.6%
% Correct
gizzard
87.3%
gregarious
87.2%
garrison
86.4%
gratin
86.3%
guffaw
85.4%
gruel
84.7%
gnu
83.6%
galling
81.4%
gambol
71.7%
griffon
68.6%
gaol
63.7%
gannet
54.8%

You're not logged in!

Compare scores with friends on all Sporcle quizzes.
OR
Log In

Sporcle TV

Today on Sporcle TV


Watch our educational content, quiz creation guides, and fun videos on Sporcle TV.

Show Comments

Extras

Top Quizzes Today


Score Distribution

Paid Content

Your Account Isn't Verified!

In order to create a playlist on Sporcle, you need to verify the email address you used during registration. Go to your Sporcle Settings to finish the process.

Report this User

Report this user for behavior that violates our Community Guidelines.

Details: